| 000 | 00481nam a22001697a 4500 | ||
|---|---|---|---|
| 005 | 20210423055629.0 | ||
| 008 | 210223b1963 ||||| |||| 00| 0 eng d | ||
| 040 | _cDLC | ||
| 080 |
_a821.111 _bA-11 |
||
| 100 |
_91076 _aAarons.Edward S |
||
| 245 |
_aAssignment / _bManchurian doll |
||
| 260 |
_aNew York _bGold medal books _c1963 |
||
| 300 | _a159 p.: | ||
| 650 | 0 |
_9247 _aEnglish literature |
|
| 653 | _aინგლისური ლიტერატურა | ||
| 942 |
_2udc _cBK |
||
| 999 |
_c1659 _d1659 |
||